| 000 | 00370nam a2200157Ia 4500 | ||
|---|---|---|---|
| 003 | Ost | ||
| 005 | 20260225132541.0 | ||
| 008 | 260225s9999||||xx |||||||||||||| ||und|| | ||
| 040 | _cfsic | ||
| 041 | _afre | ||
| 082 | _a341.6 | ||
| 100 |
_alaurence franceschini _eAuteur |
||
| 245 | 0 | _aDroit de la coimmunication / | |
| 245 | 0 | _claurence franceschini | |
| 942 | _cكتاب | ||
| 999 |
_c33527 _d33527 |
||